Guardian angel / (Record no. 3360)

MARC details
000 -LEADER
fixed length control field 02395cam a22006015a 4500
001 - CONTROL NUMBER
control field 3360
003 - CONTROL NUMBER IDENTIFIER
control field FISKH
005 - DATE AND TIME OF LATEST TRANSACTION
control field 20240229110532.0
008 - FIXED-LENGTH DATA ELEMENTS--GENERAL INFORMATION
fixed length control field 221220t20132012enk j 000 f eng d
010 ## - LIBRARY OF CONGRESS CONTROL NUMBER
LC control number 2022417441
020 ## - INTERNATIONAL STANDARD BOOK NUMBER
International Standard Book Number 9780340999226
Qualifying information (pbk.)
040 ## - CATALOGING SOURCE
Original cataloging agency UKMGB
Language of cataloging eng
Transcribing agency UKMGB
Modifying agency OCLCO
-- VHP
-- FOLLT
-- OCLCO
-- GZD
-- MR0
-- CNSOA
-- CKE
-- OCLCO
-- YDXCP
-- OCLCQ
-- AUHCL
-- OCLCO
-- DCB
-- OCLCO
-- OCLCQ
-- LKC
-- K#T
-- OCLCQ
-- OCLCO
-- OCLCF
-- OCLCQ
-- OCLCO
-- ZQP
-- OCLCO
-- DLC
042 ## - AUTHENTICATION CODE
Authentication code lccopycat
043 ## - GEOGRAPHIC AREA CODE
Geographic area code e-uk---
082 04 - DEWEY DECIMAL CLASSIFICATION NUMBER
Classification number 823/.92
Edition number 23
082 04 - DEWEY DECIMAL CLASSIFICATION NUMBER
Classification number [Fic]
Edition number 23
100 1# - MAIN ENTRY--PERSONAL NAME
Personal name Muchamore, Robert.
245 10 - TITLE STATEMENT
Title Guardian angel /
Statement of responsibility, etc. Robert Muchamore.
250 ## - EDITION STATEMENT
Edition statement This edition 2013
260 ## - PUBLICATION, DISTRIBUTION, ETC.
Place of publication, distribution, etc. London :
Name of publisher, distributor, etc. Hodder Children's Book,
Date of publication, distribution, etc. 2012
300 ## - PHYSICAL DESCRIPTION
Extent 322 pages ;
Dimensions 20 cm
336 ## - CONTENT TYPE
Content type term text
Content type code txt
Source rdacontent
337 ## - MEDIA TYPE
Media type term unmediated
Media type code n
Source rdamedia
338 ## - CARRIER TYPE
Carrier type term volume
Carrier type code nc
Source rdacarrier
490 1# - SERIES STATEMENT
Series statement CHERUB. Series 2 ;
Volume/sequential designation Book 2
500 ## - GENERAL NOTE
General note Originally published in Great Britain in 2012.
520 ## - SUMMARY, ETC.
Summary, etc. While undercover, Ryan, an agent for a secret organization of child spies who has saved Ethan's life multiple times, wonders if he can destroy Ethan's family-run criminal empire without hurting Ethan.
610 10 - SUBJECT ADDED ENTRY--CORPORATE NAME
Corporate name or jurisdiction name as entry element Great Britain.
Subordinate unit MI5
Form subdivision Juvenile fiction.
610 17 - SUBJECT ADDED ENTRY--CORPORATE NAME
Corporate name or jurisdiction name as entry element Great Britain.
Subordinate unit MI5.
Source of heading or term fast
Authority record control number or standard number (OCoLC)fst00566888
650 #0 - SUBJECT ADDED ENTRY--TOPICAL TERM
Topical term or geographic name entry element CHERUB (Imaginary organization)
Form subdivision Juvenile fiction
650 #0 - SUBJECT ADDED ENTRY--TOPICAL TERM
Topical term or geographic name entry element Teenagers
Geographic subdivision Great Britain
Form subdivision Juvenile fiction.
650 #0 - SUBJECT ADDED ENTRY--TOPICAL TERM
Topical term or geographic name entry element Intelligence service
Geographic subdivision Great Britain
Form subdivision Juvenile fiction.
650 #0 - SUBJECT ADDED ENTRY--TOPICAL TERM
Topical term or geographic name entry element Teenagers
Form subdivision Juvenile fiction.
650 #0 - SUBJECT ADDED ENTRY--TOPICAL TERM
Topical term or geographic name entry element Spy stories.
650 #1 - SUBJECT ADDED ENTRY--TOPICAL TERM
Topical term or geographic name entry element CHERUB (Imaginary organization)
Form subdivision Fiction
650 #1 - SUBJECT ADDED ENTRY--TOPICAL TERM
Topical term or geographic name entry element Teenagers
Form subdivision Fiction
650 #1 - SUBJECT ADDED ENTRY--TOPICAL TERM
Topical term or geographic name entry element Spies
Form subdivision Fiction
650 #7 - SUBJECT ADDED ENTRY--TOPICAL TERM
Topical term or geographic name entry element Intelligence service.
Source of heading or term fast
Authority record control number or standard number (OCoLC)fst00975848
650 #7 - SUBJECT ADDED ENTRY--TOPICAL TERM
Topical term or geographic name entry element Spy stories.
Source of heading or term fast
Authority record control number or standard number (OCoLC)fst01131035
650 #7 - SUBJECT ADDED ENTRY--TOPICAL TERM
Topical term or geographic name entry element Teenagers.
Source of heading or term fast
Authority record control number or standard number (OCoLC)fst01145551
651 #7 - SUBJECT ADDED ENTRY--GEOGRAPHIC NAME
Geographic name Great Britain.
Source of heading or term fast
Authority record control number or standard number (OCoLC)fst01204623
655 #0 - INDEX TERM--GENRE/FORM
Genre/form data or focus term Young adult fiction.
655 #4 - INDEX TERM--GENRE/FORM
Genre/form data or focus term Series
655 #7 - INDEX TERM--GENRE/FORM
Genre/form data or focus term Fiction.
Source of term fast
Authority record control number or standard number (OCoLC)fst01423787
655 #7 - INDEX TERM--GENRE/FORM
Genre/form data or focus term Juvenile works.
Source of term fast
Authority record control number or standard number (OCoLC)fst01411637
655 #7 - INDEX TERM--GENRE/FORM
Genre/form data or focus term Spy fiction.
Source of term fast
Authority record control number or standard number (OCoLC)fst01726748
655 #7 - INDEX TERM--GENRE/FORM
Genre/form data or focus term Young adult works.
Source of term fast
Authority record control number or standard number (OCoLC)fst01726790
655 #7 - INDEX TERM--GENRE/FORM
Genre/form data or focus term Spy stories.
Source of term gsafd
655 #7 - INDEX TERM--GENRE/FORM
Genre/form data or focus term Spy fiction.
Source of term lcgft
906 ## - LOCAL DATA ELEMENT F, LDF (RLIN)
a 0
b ibc
c copycat
d 2
e ncip
f 20
g y-gencatlg
942 ## - ADDED ENTRY ELEMENTS (KOHA)
Source of classification or shelving scheme Dewey Decimal Classification
Koha item type Books
Suppress in OPAC No
Holdings
Withdrawn status Lost status Source of classification or shelving scheme Damaged status Not for loan Collection Home library Current library Shelving location Date acquired Total Checkouts Full call number Barcode Date last seen Price effective from Koha item type
    Dewey Decimal Classification     Fiction Footprints International School Library Network Toul Kork Campus Footprints International School Library Network Toul Kork Campus   02/29/2024   MUC Fic PZ7.M894 FISSE01869 02/29/2024 02/29/2024 Books